Ezequiel Martínez Estrada : cultura, política y redes intelectuales /

Guardado en:
Autor Principal: Lamoso, Adriana
Formato: Libro
Publicado: Bahía Blanca ; México : Ediuns : Unam, 2017.
Materias:
Acceso en línea:Acceso a texto completo
Etiquetas: Agregar Etiqueta
Sin Etiquetas, Sea el primero en etiquetar este registro!
LEADER 00855nam a22002295a 4500
001 EHU.bham044985
008 130507s2017####mx############000#0#####d
005 20210905160414.0
245 1 0 |a Ezequiel Martínez Estrada :  |b cultura, política y redes intelectuales /  |c Adriana Lamoso. 
260 |a Bahía Blanca ;  |a México :  |b Ediuns :  |b Unam,  |c 2017. 
300 |a 243 p. 
530 |a Disponible también en formato digital 
020 |a 9789876551458 
100 1 |a Lamoso, Adriana 
082 A 8 |a 864.5 
600 1 4 |a Martínez Estrada, Ezequiel 
653 |a Literatura argentina-cultura y política 
653 |a Ensayo argentino-2000- 
653 |a Cultura argentina 
655 4 |a Libros electrónicos 
856 4 0 |u http://www.librosoa.unam.mx/handle/123456789/1886  |y Acceso a texto completo 
859 |a AR-BHAM  |b BIB. HUMANIDADES - General  |h A864.5  |i L193  |k A  |p 396.17  |t Ej.1